00565 a2200181 450000500170000000800410001702000300005804000090008808200210009710000300011824500890014826000580023730000150029565000140031065000210032465000150034565000230036020260507103346.0260506b |||||||| |||| 00| 0 eng d a9788126939077cRs. 995.00 aMAIN a301.320954bS86B aKrishnamurte, Srinivashan aBharat mein jansankhya sambandhi mudde: Badalti pravritiyan, neetiyan aur karyakrama bAtlantic Publishers and Distributorsc2025aNew Delhi axviii, 308 aSociology aSocial Behaviour aPopulation aDemography - India